00753nam a2200181Ia 4500082001200000100001800012245014100030260004100171300000900212650009200221650005400313650004300367650004400410650004900454650003800503710001500541710001500556 aTS.0851 aSharma, Mamta 0aStudy of awareness of home makers regarding kitchen equipments : With special reference to middle income group families of Jabalpur city c1994bRani Durgavati Vishwavidyalaya av.p. aHOME ECONOMICS, RURAL - EQUIPMENT AND SUPPLIES//HOME ECONOMICS - EQUIPMENT AND SUPPLIES aMIDDLE CLASS FAMILIES - MADHYA PRADESH - JABALPUR aHOMEMAKERS - MADHYA PRADESH - JABALPUR aHOME ECONOMICS - EQUIPMENT AND SUPPLIES aKITCHEN UTENSILS - MADHYA PRADESH - JABALPUR aHOUSEHOLD GOODS//KITCHEN UTENSILS aJathar, N. aShukla, S.